Environmental Awareness and Environmental Citizenship Dimension

Koncept občianstva a jeho formujúci environmentálny rozmer. Analýzy Európskeho Eurobarometru zamerané na vzťah občanov Európskej únie k životnému prostrediu, kde je skúmaná úroveň environmentálneho povedomia občanov EÚ.

Salvato in:
Dettagli Bibliografici
Autore principale: Mravcová, Anna
Natura: Capitolo di libro
Lingua:inglese
Soggetti:
Tags: Aggiungi Tag
Nessun Tag, puoi essere il primo ad aggiungerne!!

MARC

LEADER 00000naa a2200000 4500
001 0262421
005 20200218104647.8
041 0 |a eng 
044 |a SK 
245 1 0 |a Environmental Awareness and Environmental Citizenship Dimension  |c Anna Mravcová 
520 |a Koncept občianstva a jeho formujúci environmentálny rozmer. Analýzy Európskeho Eurobarometru zamerané na vzťah občanov Európskej únie k životnému prostrediu, kde je skúmaná úroveň environmentálneho povedomia občanov EÚ. 
610 2 0 |a zodpovednosť 
610 2 0 |a environmentalistika 
610 2 0 |a prostredie životné 
610 2 0 |a občania 
610 2 0 |a Európska únia 
100 1 |a Mravcová, Anna